قرار وزير التعليم رقم 306 بتاريخ 6/12/1993 بشأن التعليم الخاص / (Record no. 16414)
[ view plain ]
| 000 -الفاتح | |
|---|---|
| حقل البيانات ثابتة الطول | 01806nam a22002537a 4500 |
| 005 - وقت وتاريخ اخر تعامل مع التسجيلة | |
| رقم الضبط | 2012020802142.0 |
| 008 - عناصر البيانات ثابتة الطول - معلومات عامة | |
| حقل البيانات ثابتة الطول | 120208s2009 ua|||||r||||o00| 0 ara d |
| 082 ## - رقم تصنيف ديوى العشرى | |
| رقم الطبعة | 22 |
| رقم التصنيف | 371.02026 |
| رقم المادة | ا ب ر |
| 100 ## - المدخل الرئيسى - إسم شخصى | |
| 9 (RLIN) | 28700 |
| الإسم الشخصى | عباس، ابراهيم محمد العدل |
| 245 ## - بيان العنوان | |
| العنوان | قرار وزير التعليم رقم 306 بتاريخ 6/12/1993 بشأن التعليم الخاص / |
| بيان المسئوليه,etc | اعداد ومراجعة ابراهيم محمد العدل عباس، كريمة السيد ابراهيم. |
| 250 ## - بيان الطبعة | |
| بيان الطبعة | ط. 10. |
| 260 ## - PUBLICATION, DISTRIBUTION, ETC. (IMPRINT) | |
| مكان الناشر او الموزع | القاهرة : |
| اسم الناشر او الموزع | وزارة التجارة والصناعة، |
| تاريخ النشر أو التوزيع | 2009. |
| 300 ## - الوصف المادى | |
| التعداد | 257 ص. ؛ |
| أبعاد الوعاء | 24 سم. |
| 504 ## - تبصرة ببليوجرافية | |
| تبصرة ببليوجرافية,الخ | يشتمل على ارجاعات ببليوجرافية. |
| 650 ## - المدخل الاضافى بالموضوع-مصطلح موضوعى | |
| 9 (RLIN) | 28702 |
| مصطلح موضوعي أو اسم جغرافي كعنصر مدخل | التعليم الخاص |
| التقسيم الفرعي العام | قوانين وتشريعات |
| التقسيم الفرعي الجغرافي | مصر |
| 653 ## - مصطلح تكشيفى غير مقيد | |
| Resource For college | |
| Arrived date list | February2012 |
| 700 ## - المدخل الاضافى - اسم شخصى | |
| 9 (RLIN) | 28701 |
| الإسم الشخصى | ابراهيم، كريمة السيد |
| 942 ## - عناصر المدخل الإضافي( كوها) | |
| مصدر التصنيف او مخطط الترفيف | Dewey Decimal Classification |
| Koha [default] item type | Book - Borrowing |
| حالة التراجع | حالة الفقد | مصدر التصنيف او خطة الترفيف | حالة تلف | ليس للاعارة | مجموعات كوها | المكان الدائم | المكان الحالي | موقع الترفيف | تاريخ الاكتساب | Source of acquisition | سعر الشراء الطبيعي | رقم الاستدعاء | الباركود | Date last seen | نوع الوعاء |
|---|---|---|---|---|---|---|---|---|---|---|---|---|---|---|---|
| Dewey Decimal Classification | المطابع الأميرية | Central Library | Central Library | First floor | 08/02/2012 | 15.00 | 371.02026 ا ب ر | 000026017 | 15/07/2025 | Book - Borrowing | |||||
| Dewey Decimal Classification | المطابع الأميرية | Central Library | Central Library | First floor | 08/02/2012 | 15.00 | 371.02026 ا ب ر | 000026018 | 15/07/2025 | Book - Borrowing | |||||
| Dewey Decimal Classification | المطابع الأميرية | Central Library | Central Library | First floor | 08/02/2012 | 15.00 | 371.02026 ا ب ر | 000026019 | 15/07/2025 | Book - Borrowing | |||||
| Dewey Decimal Classification | المطابع الأميرية | Central Library | Central Library | First floor | 08/02/2012 | 15.00 | 371.02026 ا ب ر | 000026020 | 15/07/2025 | Book - Borrowing | |||||
| Dewey Decimal Classification | المطابع الأميرية | Central Library | Central Library | First floor | 08/02/2012 | 15.00 | 371.02026 ا ب ر | 000026021 | 15/07/2025 | Book - Borrowing |